|
|
|
|
| LEADER |
00000nam a22000007a 4500 |
| 005 |
20110919103832.0 |
| 008 |
110919s2009 be ||||s|||| 00| 0 fre d |
| 020 |
|
|
|a 978-2-87496-028-4
|
| 035 |
|
|
|a 4814
|
| 040 |
|
|
|a vLex
|
| 090 |
|
|
|c 2492
|d 2492
|
| 100 |
1 |
|
|a Eloy, Maurice
|
| 245 |
1 |
0 |
|a Guide du contrl̥e
|h [Recurso electrn̤ico] /
|c Maurice Eloy, Vincent Neuprez
|
| 256 |
|
|
|a Servicio en ln̕ea.
|
| 260 |
|
|
|a [Bľgica] :
|b Edipro,
|c 2009.
|
| 300 |
|
|
|a 1 recurso electrn̤ico
|
| 506 |
1 |
|
|a Contenido solo disponible en los productos indicados
|d vLex Global
|d vLex Global (Academic Edition, excluding Law Schools)
|d vLex Global (U.S. Academic Edition, Law Schools)
|d vLex Global (U.S. Academic Edition, excluding Law Schools)
|d vLex Global (Academic Edition, Law Schools)
|
| 650 |
0 |
4 |
|a Empresas
|x Finanzas
|z Bľgica
|
| 650 |
0 |
4 |
|a Economa̕
|z Bľgica
|
| 700 |
1 |
|
|a Neuprez, Vincent
|
| 740 |
0 |
|
|a vLex Libros (Servicio en ln̕ea)
|
| 856 |
4 |
0 |
|u http://vlex.com/source/guide-controle-4814
|z Acceso restringido
|
| 942 |
|
|
|c BOOK
|